[Event "USC Magdeburg-SK Lehrte"]
[Site "Greifswald"]
[Date "2013.09.12"]
[Round "2.3"]
[White "Baghdasaryan, Ani"]
[Black "Fahsel, Nico"]
[Result "0-1"]
[WhiteElo "1429"]
[BlackElo "1580"]
[PlyCount "68"]
[EventDate "2013.??.??"]
[WhiteTeam "SK Lehrte"]
[BlackTeam "USC Magdeburg"]

1. c4 e6 2. Nc3 Nf6 3. e3 d5 4. d4 Nbd7 5. Bd3 Be7 6. Nf3 O-O 7. O-O a6 8. Ne5
dxc4 9. Nxc4 b5 10. Ne5 Bb7 11. g4 b4 12. Nb1 Nxe5 13. dxe5 Qd5 14. f3 Qxe5 15.
Qe2 h5 16. gxh5 Qxh5 17. e4 g6 18. Bf4 e5 19. Bg3 Kg7 20. Nd2 Bc5+ 21. Kh1 Rh8
22. Rac1 Nd7 23. Nc4 Qg5 24. Qg2 Qe7 25. f4 Bd4 26. f5 Rh6 27. Bf2 c5 28. Bxd4
exd4 29. Nb6 Rah8 30. f6+ Nxf6 31. Qg5 Rxh2+ 32. Kg1 Rh1+ 33. Kg2 Bxe4+ 34.
Bxe4 Qxe4+ 0-1

[Event "USC Magdeburg-SK Lehrte"]
[Site "Greifswald"]
[Date "2013.09.12"]
[Round "2.4"]
[White "Wiese, Tobias"]
[Black "Dannenberg, Nicole"]
[Result "1/2-1/2"]
[WhiteElo "1314"]
[BlackElo "1223"]
[PlyCount "65"]
[EventDate "2013.??.??"]
[WhiteTeam "USC Magdeburg"]
[BlackTeam "SK Lehrte"]

1. d4 e6 2. c4 d5 3. Nc3 Bb4 4. Nf3 c6 5. e3 Nf6 6. Bd3 O-O 7. Qc2 Re8 8. Ng5
h6 9. Bh7+ Kf8 10. Nxf7 Kxf7 11. Bg6+ Kf8 12. Bxe8 Qxe8 13. cxd5 exd5 14. O-O
Qh5 15. Qe2 Qg6 16. f3 Bxc3 17. bxc3 Bf5 18. Ba3+ Kg8 19. Qb2 Bh3 20. Rf2 b6
21. Qb4 Nbd7 22. c4 Re8 23. Re1 c5 24. Qc3 dxc4 25. Qxc4+ Kh8 26. dxc5 Ne5 27.
Qf1 Nd3 28. Kh1 Nxf2+ 29. Qxf2 Bd7 30. cxb6 axb6 31. e4 b5 32. Qd2 Be6 33. Bb2
1/2-1/2

[Event "SF Bremer Osten-SF Schwerin"]
[Site "Greifswald"]
[Date "2013.09.12"]
[Round "2.1"]
[White "Siegert, Gregor"]
[Black "Marach, Jonas"]
[Result "1/2-1/2"]
[WhiteElo "1859"]
[BlackElo "1641"]
[PlyCount "56"]
[EventDate "2013.??.??"]
[WhiteTeam "SF Schwerin"]
[BlackTeam "SF Bremer Osten"]

1. e4 g6 2. d4 d6 3. c4 Nf6 4. Nc3 Bg7 5. Nf3 O-O 6. Be2 e5 7. O-O Nc6 8. d5
Ne7 9. Be3 Nd7 10. Nd2 f5 11. f3 f4 12. Bf2 g5 13. b4 h5 14. c5 Nf6 15. cxd6
cxd6 16. Nc4 Qd7 17. a4 g4 18. Nb5 Ne8 19. Nxa7 g3 20. hxg3 fxg3 21. Be3 b6 22.
Nb5 Ng6 23. Re1 Nf4 24. Bxf4 Rxf4 25. Bd3 Rh4 26. Kf1 Rh2 27. Nxb6 Qh3 28. gxh3
Bxh3+ 1/2-1/2

[Event "SF Bremer Osten-SF Schwerin"]
[Site "Greifswald"]
[Date "2013.09.12"]
[Round "2.2"]
[White "Cegielka, Michael"]
[Black "Frost, Jakob"]
[Result "1/2-1/2"]
[WhiteElo "1647"]
[BlackElo "1372"]
[PlyCount "89"]
[EventDate "2013.??.??"]
[WhiteTeam "SF Bremer Osten"]
[BlackTeam "SF Schwerin"]

1. e4 e5 2. Nf3 Nf6 3. Nc3 Nc6 4. Bc4 Bb4 5. d3 h6 6. O-O d6 7. Ne2 Bg4 8. Ng3
O-O 9. c3 Bc5 10. h3 Bd7 11. d4 Bb6 12. Be3 Re8 13. Re1 exd4 14. Bxd4 Nxd4 15.
cxd4 Be6 16. d5 Bd7 17. b4 a6 18. a4 c6 19. dxc6 Bxc6 20. Qb3 d5 21. exd5 Rxe1+
22. Rxe1 Bxd5 23. Rd1 Bxf2+ 24. Kxf2 Qb6+ 25. Nd4 Bxc4 26. Qxc4 Re8 27. a5 Qd6
28. Qb3 Ne4+ 29. Nxe4 Rxe4 30. Nf3 Qxb4 31. Qxb4 Rxb4 32. Rd8+ Kh7 33. Rd7 f6
34. Nd4 Rb2+ 35. Kf3 Rd2 36. g4 Kg6 37. h4 h5 38. Ke3 Ra2 39. gxh5+ Kxh5 40.
Rd5+ Kxh4 41. Nf5+ Kg4 42. Nxg7 Rb2 43. Rd6 Rb5 44. Rxf6 Rxa5 45. Rb6 1/2-1/2

[Event "SF Bremer Osten-SF Schwerin"]
[Site "Greifswald"]
[Date "2013.09.12"]
[Round "2.3"]
[White "Wödl, Leon"]
[Black "Genath, Daniel"]
[Result "0-1"]
[WhiteElo "1291"]
[BlackElo "1459"]
[PlyCount "58"]
[EventDate "2013.??.??"]
[WhiteTeam "SF Schwerin"]
[BlackTeam "SF Bremer Osten"]

1. e4 e6 2. d4 d5 3. exd5 exd5 4. Nc3 Bf5 5. Nf3 Nf6 6. Bg5 Bb4 7. a3 Bxc3+ 8.
bxc3 O-O 9. Be3 Ne4 10. c4 c6 11. Qb1 Qc7 12. c3 Ng3 13. Bd3 Bxd3 14. Qxd3 Nxh1
15. Qf5 Qd6 16. c5 Qg6 17. Qxg6 fxg6 18. Rd1 b5 19. Ke2 Nxf2 20. Bxf2 Nd7 21.
Ne5 Rae8 22. Bg3 Rf5 23. Re1 h5 24. Kd2 Nxe5 25. dxe5 h4 26. Bxh4 Rfxe5 27.
Rxe5 Rxe5 28. Bg3 Re4 29. Kd3 Ra4 0-1

[Event "SF Bremer Osten-SF Schwerin"]
[Site "Greifswald"]
[Date "2013.09.12"]
[Round "2.4"]
[White "Oleskow, Jan Christian"]
[Black "Stuppe, Hannes"]
[Result "1/2-1/2"]
[WhiteElo "1385"]
[BlackElo "1241"]
[PlyCount "83"]
[EventDate "2013.??.??"]
[WhiteTeam "SF Bremer Osten"]
[BlackTeam "SF Schwerin"]

1. e4 e5 2. Nf3 Nc6 3. Nc3 Bc5 4. Bc4 d6 5. h3 h6 6. d3 Nf6 7. O-O O-O 8. Be3
Bxe3 9. fxe3 Qe7 10. Nd2 a6 11. Rf2 Bd7 12. Qf3 b5 13. Bd5 Nxd5 14. Nxd5 Qd8
15. Raf1 Be6 16. Qh5 Ne7 17. Nxe7+ Qxe7 18. Rf3 Rac8 19. Rg3 Kh7 20. d4 f6 21.
d5 Bf7 22. Qg4 Rg8 23. Qf5+ Kh8 24. Nb3 c6 25. dxc6 Rxc6 26. c3 Rc4 27. Qg4 Ra4
28. Qe2 Bc4 29. Qc2 Bxf1 30. Kxf1 Qe6 31. a3 Rc8 32. Nd2 Qa2 33. Qc1 a5 34. Ke2
b4 35. axb4 Rxb4 36. Rf3 Qxb2 37. Qf1 Qxc3 38. Rxf6 Kg8 39. Qf5 gxf6 40. Qg6+
Kf8 41. Qxf6+ Ke8 42. Qe6+ 1/2-1/2